000 00341nam a2200133 i 4500
001 bg
100 1 _aJACHIEWICZ, Jan
245 0 _aBudownictwo :
_bwybór tekstów do nauki języka rosyjskiego /
_cJan Jachiewicz.
260 _aŁódź,
_c1976.
040 _cBPK
041 _apol
942 _cKS
008 s pl f |000 0 pol
999 _c17063
_d17063
856 _uhttp://koha.tu.koszalin.pl/cgi-bin/koha/opac-detail.pl?biblionumber=17063
_yKatalog online BPK